Tilastot visalle Kaupunkeja siluettien mukaan

Klikkaa tästä pelataksesi tätä visaa!

Yleistilastot

  • Tätä visaa on pelattu 335 kertaa
  • Keskiarvotulos 5 / 10

Vastaukset kartalla

Vastauksille on annettu kartalla punavihreä väri sen mukaan, kuinka moni on saanut sen oikein.
Ladataan ...
 

Vastaustilastot

Vastaus% Oikein
Pariisi
99%
New York
71%
Dubai
70%
Sydney
59%
Kuala Lumpur
45%
Seattle
43%
Shanghai
42%
Barcelona
42%
Toronto
37%
Johannesburg
23%

Tulosjakauma

Persentiili vastausten määrän mukaan

Jokaisen tuloksen saaneiden osuus

Tuloshistoriasi

Et ole pelannut tätä visaa